00535cam a2200181 a 4500001000800000005001700008008004100025010001700066020003100083040001800114041000800132080001700140082002100157100000700178101000800185245013000193504003000323184797220180124074212.0810925s1979 cau b 000 0 eng  a 81134109  a0932790062 (pbk.) :c$4.00 aDLCcDLCdDLC aeng a330.156 von00a330.156 von2191 a52 aeco12aA tiger by the tail :cFriedrich A. Hayek ; compiled and introduced by Sudha R. Shenoy ; with a foreword by Leland B. Yeager. aBibliography: p. 151-155.